Electrónica digital en la práctica / Rafael Reina Acedo, Michael García Lorenz, Juan V zquez Martínez (Registro nro. 27438)

Detalles MARC
000 -LÍDER
fixed length control field 00548nam a2200157 4500
020 ## - NÚMERO INTERNACIONAL NORMALIZADO PARA LIBROS
ISBN 978-607-707-104-4
050 ## - SIGNATURA TOPOGRAFICA DE LA BIBLIOTECA DEL CONGRESO (LC)
Número de Clasificación TK7868 R45 2011
082 ## - NUMERO DE CLASIFICACION DECIMAL DEWEY
Número de Clasificación 621.3815 R364e 2011
100 ## - ASIENTO PRINCIPAL--NOMBRE PERSONAL
Nombre personal Reina Acedo, Rafael
245 ## - TÍTULO
Título Electrónica digital en la práctica / Rafael Reina Acedo, Michael García Lorenz, Juan V zquez Martínez
250 ## - MENCIÓN DE EDICIÓN
Mención de edición 1
260 ## - PUBLICACIÓN, DISTRIBUCIÓN, ETC. (PIE DE IMPRENTA)
Lugar de publicación, distribución, etc. México: Alfaomega
300 ## - DESCRIPCIÓN FÍSICA
Extensión 222 p. / 23 cm.
650 ## - ASIENTO SECUNDARIO DE MATERIA - TERMINO TEMÁTICO
Término temático o nombre geográfico como elemento de entrada 1. ELECTRÓNICA DIGITAL / 2. CIRCUITOS
700 ## - ASIENTO SECUNDARIO - NOMBRE PERSONAL
Nombre personal I. García, Lorenz, Michael, Coaut. \ II. V zquez, Martínez, Juan Coaut.
Existencias
No. biblioteca No. biblioteca Número de clasificación Código de barras/Número de adquisición Número de copia Tipo de material
ÁREA DE ELECTROMECÁNICA LUIS G. INCLAN 621.3815 R364e 2011 52197 2 Libros
ÁREA DE ELECTROMECÁNICA LUIS G. INCLAN 621.3815 R364e 2011 52198 3 Libros
ÁREA DE ELECTROMECÁNICA LUIS G. INCLAN 621.3815 R364e 2011 52199 4 Libros
ÁREA DE ELECTROMECÁNICA LUIS G. INCLAN 621.3815 R364e 2011 52200 5 Libros
ÁREA DE ELECTROMECÁNICA ÁREA DE ELECTROMECÁNICA 621.3815 R364e 2011 52196 1 Libros
Calzada Tecnológico # 27, Zacatepec, Morelos.
01(734) 343-07-23 / 343-21-10 / 343-21-11
Apdo. Postal 45 C.P 62780